THE 2IST CENTURY: GEOPOLITICS, DEMOCRACY & PEACE (Record no. 28058)

MARC details
000 -LEADER
fixed length control field 00361nam a22001457a 4500
003 - CONTROL NUMBER IDENTIFIER
control field SGT
020 ## - INTERNATIONAL STANDARD BOOK NUMBER
International Standard Book Number 9781138098459
082 ## - DEWEY DECIMAL CLASSIFICATION NUMBER
Classification number 320
Item number T17S
100 ## - MAIN ENTRY--PERSONAL NAME
Personal name SINGH, BALMIKI PRASAD
245 ## - TITLE STATEMENT
Title THE 2IST CENTURY: GEOPOLITICS, DEMOCRACY & PEACE
260 ## - PUBLICATION, DISTRIBUTION, ETC. (IMPRINT)
Name of publisher, distributor, etc ROUTLEDGE TAYLOR & FRANCIS GROUP
Year of Publication 2017
300 ## - PAGE DESCRIPTION
No. of Pages 345
650 ## - SUBJECT ADDED ENTRY--TOPICAL TERM
Topical term or geographic name as entry element SOCIAl SCIENCE
942 ## - ADDED ENTRY ELEMENTS (KOHA)
Source of classification or shelving scheme Dewey Decimal Classification
Koha item type Books
Holdings
Withdrawn status Lost status Source of classification or shelving scheme Damaged status Not for loan Home library Current library Shelving location Date acquired Cost, normal purchase price SGTU Total Checkouts Full call number Accession No. (Barcode) Date last seen Bill Date Koha item type
    Dewey Decimal Classification   Not For Loan SGT Chancellor's Library SGT Chancellor's Library Reference Book 12/12/2024 995.00 SGTU   320 T17S CH1024 12/12/2024 12/12/2024 Books